LEADER 00835nam a2200229 i 4500 001 000000171005 003 CaOOAMICUS 005 20080422000000.0 008 080422s1983 it u000 u ita u 013 $a148423 040 $aSeMil$bita 100 1 $aSarale, Nicolino <1928- >.$0(OLS)http://semarc/name/22014 245 10$aNella notte in cui fu tradito... /$cNicolino Sarale. 260 $aCosenza :$bPellegrini,$ccopyr. 1983. 300 $a251 p. ;$c21 cm. 500 $aFondo Card. Giovanni Colombo. 850 $aSeMil 852 $aSeMil$W1$xVenegono$y1$m3V IV 32$j121882$B121882$CSeMilBibl$Z2$F135415 $81 941 1 $a3 961 $aLascito: Colombo Card. Giovanni 996 $6245$aNella notte in cui fu tradito...$9(OLS)http://semarc/title/244629 996 $6260$aCosenza :$bPellegrini$9(OLS)http://semarc/publisher/37066 LEADER 01068nam a2200253 i 4500 001 000000145879 003 CaOOAMICUS 005 20051210000000.0 008 051210s1932 fr u000 u fre u 013 $a121271 040 $aSeMil$bita 100 1 $aChaine, Joseph .$0(OLS)http://semarc/name/22447 245 10$aIntroduction a la lecture des prophètes /$cpar J. Chaine. 250 $adeuxième édition. 260 $aParis :$bGabalda,$c1932. 300 $a274 p., [10] p. di tav. ;$c19 cm. 490 0 $aÉtudes Bibliques 650 4$aBibbia. Antico Testamento. Profeti - Commentari, studi, critica, interpretazioni.$0(OLS)http://semarc/subject/9887 830 0$aÉtudes bibliques.$0(OLS)http://semarc/title/419576 850 $aSeMil 852 $aSeMil$W1$xVenegono$y1$m660 35 35 *$j98598$B98598$CSeMilBibl$Z2$F106825 $81 961 $aRecupero: Biblioteca Seminario Saronno 996 $6245$aIntroduction a la lecture des prophètes$9(OLS)http://semarc/title/213281 996 $6260$aParis :$bGabalda$9(OLS)http://semarc/publisher/29624